Chemicals reagents

This book is a catalogue that contains information on chemicals reagents. In addition to alphabetical section the book has included special sections covering some of the more important aspects of analytical chemistry such as rapid test kits and packaging materials. The new products also have been in...

Deskribapen osoa

Gorde:
Xehetasun bibliografikoak
Erakunde egilea: Merck
Formatua: Liburua
Hizkuntza:Undetermined
Argitaratua: Darmstadt, Germany Merck 1999
Gaiak:
Etiketak: Etiketa erantsi
Etiketarik gabe, Izan zaitez lehena erregistro honi etiketa jartzen!
Thư viện lưu trữ: Trung tâm Học liệu Trường Đại học Cần Thơ
LEADER 00781nam a2200193Ia 4500
001 CTU_143053
008 210402s9999 xx 000 0 und d
082 |a 543.01 
082 |b C517 
110 |a Merck 
245 0 |a Chemicals reagents 
245 0 |c Merck 
260 |a Darmstadt, Germany 
260 |b Merck 
260 |c 1999 
520 |a This book is a catalogue that contains information on chemicals reagents. In addition to alphabetical section the book has included special sections covering some of the more important aspects of analytical chemistry such as rapid test kits and packaging materials. The new products also have been included 
650 |a Chemical tests and reagents 
904 |i Huỳnh Mai 
980 |a Trung tâm Học liệu Trường Đại học Cần Thơ